El Derecho Pb︢lico y Privado ante las nuevas tecnologa̕s

Detalles Bibliográficos
Formato: eBook
Lenguaje:español
Publicado: Madrid: Dykinson, 2020
Materias:
Acceso en línea:Acceso restringido

MARC

LEADER 00000nam a22000007a 4500
005 20200922002028.0
007 cr|||| ||||
008 200922s2020 es |||||s|||| 00||0 spa d
020 |a 978-84-1324-758-8 
035 |a 32148 
040 |a vLex 
090 |c 10752  |d 10752 
245 0 2 |a El Derecho Pb︢lico y Privado ante las nuevas tecnologa̕s  |h [Recurso electrn̤ico] / 
256 |a Servicio en ln̕ea 
260 |a Madrid:  |b Dykinson,  |c 2020 
300 |a 1 recurso electrn̤ico 
506 1 |a Disponible solo en los productos indicados  |d vLex Global  |d vLex Global (Academic Edition, excluding Law Schools)  |d vLex Global (U.S. Academic Edition, Law Schools)  |d vLex Global (U.S. Academic Edition, excluding Law Schools)  |d vLex Global (Academic Edition, Law Schools) 
650 0 4 |a Derecho Pb︢lico y Administrativo  |z Espaą 
650 0 4 |a Derecho de las Nuevas Tecnologa̕s  |z Espaą 
740 0 |a vLex Libros (Servicio en ln̕ea) 
856 4 0 |u http://vlex.com/source/derecho-publico-privado-nuevas-tecnologias-32148  |z Acceso restringido 
942 |c BOOK